[Event "Millennium CG Exclusive - Tasc R30 V2.5"]
[Site "Wien"]
[Date "2021.04.26"]
[Round "57"]
[White "Millennium CG Exclusive"]
[Black "Tasc R30 V2.5, aktiv"]
[Result "1/2-1/2"]
[WhiteElo "2402"]
[BlackElo "2335"]
[PlyCount "125"]
[EventDate "2021.??.??"]

1. d4 d5 2. Nf3 Nc6 3. c4 Bg4 {Buchende Tasc} 4. Ne5 Nxe5 {Tasc ist mit seinem
Buch zufrieden, +0,12} 5. dxe5 {Buchende Genius} dxc4 6. Qa4+ {Genius ist mit
seinem Buch unzufrieden -0,39} c6 7. Qxc4 Be6 8. Qc3 Qd5 9. Bf4 g5 10. Bxg5 f6
11. Bf4 Bh6 {Tasc -0,27} 12. Bxh6 {Genius +1,06} Nxh6 13. exf6 O-O-O 14. Nd2
exf6 15. e4 Qd4 16. Rc1 Rhe8 17. f3 Qd6 18. Bc4 f5 19. Bxe6+ {Genius +0,81,
ein schlechter Zug lt. Stockfish eine ganze Bauerneinheit schlechter als Le2 !}
Rxe6 20. Ke2 Nf7 21. Rcd1 Qe7 22. Qe3 Nd6 23. Qxa7 {Genius +0,18, ein ganz
schwerer Fehler lt. Stockfish, der bewertete hier The1 mit 0,00, diesen Zug
gleich +4,00 für Schwarz innerhalb weniger Sekunden, mit der Fortsetzung Dg7 !
} Qg7 {Der Tasc spielt die richtige Fortsetzung sieht allerdings hier noch
keinen großen Vorteil, Tasc +0,08 (Stockfish +4,60)} 24. Kf1 {Der Genius hat
von der drohenden Gefahr keine Ahnung +0,37} Qxb2 {Tasc +0,48 (lt. Stockfish
wäre die beste Fortsetzung Sb5 !! mit einer Bewertung von +5,20 gewesen,
diesen Zug schätzt Stockfish mit +1,40 für Schwarz ein.} 25. Qa8+ Kc7 {
Tasc +0,70} 26. Qa5+ {Genius +0,03} b6 27. Nc4 bxa5 28. Nxb2 fxe4 29. Re1 {
Genius -0,40 lt. Stockfish der nächste grobe Fehler, Bewertung Stockfish mit
der Fortsetzung e3 ! +3,00 für Schwarz, viel besser war Sa4 mit -1,50} e3 {
Der Tasc spielt den richtigen Zug, Bewertung +0,88} 30. a4 Re7 {Sf5 ! hätte
hier lt. Stockfish mit +5,20 die Partie gewonnen.} 31. g4 c5 32. Rc1 Kc6 33.
Ke1 {Genius -0,46, für diesen absolut schwachen Zug rechnet der Genius 16
Minuten und verwirft im letzten Augenblick das weit bessere Kg2, lt. Stockfish
wäre hier Sd3 mit 0,00 gewesen, das bewertet Stockfisch sofort mit +2,30 für
Schwarz} e2 {Tasc +0,85, ebenfalls ein schwacher Zug, der fast den ganzen
Vorteil wieder verspielt, Sf7 !! wäre hier die richtige Fortsetzung gewesen,
das bewertet Stockfish nur noch mit +0,20 für Schwarz, vergebene Chance also
vom Tasc.} 34. Rc2 Rb8 35. Kf2 Rb3 36. Rhc1 e1=Q+ 37. Rxe1 Rxe1 38. Kxe1 Rxf3
39. Kd1 {Genius -0,90} Ra3 {Tasc +0,63 (Stockfish sieht hier Schwarz nur ganz
leicht im Vorteil mit +0,12)} 40. Rf2 Ne4 41. Rf7 Rh3 42. Nc4 Nc3+ {Tasc +1,07
(Stockfish 0,00)} 43. Kc2 {Genius -0,65} Nxa4 44. Rf6+ Kd5 45. Nxa5 c4 46. Rf2
Ke4 47. Nc6 {Genius -0,87 (Stockfish hätte hier Sxc4 gezogen und dann den
H-Bauern abgeholt und so das Remis gesichert, aber auch diesen Zug bewertet
Sockfish nicht so schlecht, nur +0,13 für Schwarz).} Nc5 {Tasc +0,96} 48. Rf5
{Genius -0,84} Nd3 {Tasc +1,27} 49. Rh5 Rxh5 50. gxh5 {Genius -0,89 (Stockfish
0,00)} Kd5 {Tasc +1,10} 51. Ne7+ Kc5 52. h6 Nb4+ 53. Kd2 Nd5 {Tasc +1,03} 54.
Nf5 {Genius -0,78, Sxd5 wäre natürlich sofort Remis gewesen, aber auch das
bewertet Stockfish mit 0,00, ist also egal} Kb4 55. Nd4 c3+ 56. Kd3 Nf4+ 57.
Kc2 Kc4 58. Nc6 Nd5 59. Ne5+ Kc5 60. h4 Kd4 61. Nf3+ Kc4 62. Ne5+ Kc5 63. Kd3 {
Userentscheid: Remis} 1/2-1/2

[Event "Millennium CG Exclusive - Tasc R30 V2.5"]
[Site "Wien"]
[Date "2021.04.27"]
[Round "58"]
[White "Tasc R30 V2.5, aktiv"]
[Black "Millennium CG Exclusive"]
[Result "0-1"]
[WhiteElo "2335"]
[BlackElo "2402"]
[PlyCount "104"]
[EventDate "2021.??.??"]

1. e4 g6 2. d4 Bg7 3. Nf3 c6 4. Nc3 {Buchende Tasc} d6 {Buchende Genius} 5. Bd2
{Tasc ist sehr zufrieden mit seinem Buch, +0,58} Bg4 {Genius bewertet sein
Buch knapp negativ, -0,10} 6. h3 {Für mich ein unverständlicher Zug, lässt
sich den starken Zentrumsbauern d4 klauen, warum nicht einfach 6. Le3 ?} Bxf3
7. Qxf3 Bxd4 8. Bc4 e6 9. Ne2 Bf6 {Genius +0,56} 10. O-O-O {Tasc ignoriert den
Minusbauern, +0,34} Nd7 11. Bb3 a5 12. c4 {Tasc +0,09, lt. Stockfish ein ganz
schlechter Zug, der hatte hier 12.a3 ! mit -0,60 aus der Sicht von Weiss,
diesen Zug gleich mit +2,40 für Schwarz mit der Fortsetzung 12. Se5.} a4 13.
Bc2 Qb6 {Genius +1,12} 14. Bc3 Ne5 15. Qg3 Qc5 16. b4 {Tasc +0,08} axb3 17.
axb3 Ne7 {Genius +1,18, dieser normal aussehende für mich logische
Entwicklungszug bekommt von Stockfish ein ganz schlechtes Zeugnis, er hatte
hier 17. Ta2 mit +2,00 bewertet, diesen Zug nur noch mit +0,30 für Schwarz
also fast 2 Bauerneinheiten schlechter, ich hätte genau den selben Fehler
gemacht.} 18. Rhe1 {auch das ein ganz schlechter Zug lt. Stockfish, er
bewertet gleich wieder mit +2,00 für Schwarz, hier wäre 18.f4 weit besser
gewesen} Qa3+ 19. Kd2 O-O {Genius +1,43} 20. f4 {Tasc bleibt optimistisch +0,29
} Nd7 {hier gehen die Meinung wirklich weit auseinander, Genius +1,81 !!} 21.
Bxf6 Nxf6 22. Qc3 {Tasc +0,05} Nd7 {Genius +2,04} 23. g4 e5 24. Ra1 Qc5 25. b4
Qb6 26. f5 Rfd8 27. Qb3 g5 28. Red1 Rxa1 29. Rxa1 Nf6 30. Ke1 d5 {Genius +1,46
(lt. Stockfish ein Kastrophenzug, er bewertet hier 30.h6 mit +2,00 für
Schwarz, diesen Zug nur noch mit +0,25 für Schwarz, also um 1,75
Bauerneinheiten schlechter.} 31. c5 {der richtige Zug lt. Stockfish, Tasc -0,61
} Qc7 32. Ng3 {lt. Stockfish ein Katastrophenzug, der hatte hier 32.h4 mit nur
-0,30 für Weiss bewertet, diesen Zug nach einer Sekunde mit +3,00 für
Schwarz, also gleich um 2,70 Bauerneinheiten schlechter.} h6 33. Ra7 {Tasc -0,
71, lt. Stockfish unmittel im nächsten Zug, der nächste Katastrophenzug, er
bewertet das gleich wieder um ganze 3 Bauerneinheiten schlechter, hier schon
+6,00 für Schwarz} dxe4 {Genius +1,50} 34. Bxe4 {Tasc -0,96} Qd7 {Genius +2,
00 (Stockfish +7,50)} 35. Ra2 Qd4 36. Bg2 {Tasc -1,24} Ned5 {Genius +2,59} 37.
Rd2 Qg1+ 38. Nf1 {Tasc -1,79} e4 {Genius +3,50, der richtige Zug lt. Stockfish,
der bewertet hier bereits +9,00} 39. Qb2 {Tasc -3,53} e3 {Genius +4,56} 40.
Rxd5 {Tasc -4,72} cxd5 41. Bf3 Ra8 42. Bd1 {[%emt 0:00:14] Stockfish Matt in}
Ra1 {Genius +7,78, der richtige Zug !} 43. Qe2 {Tasc -6,12} d4 {Genius +11,71,
richtiger Zug.} 44. c6 bxc6 45. Qf3 Nd5 {[%emt 0:00:09] Genius Matt in} 46. Ke2
{[%emt 0:00:09] Tasc: Selbstmatt in} Nf4+ 47. Ke1 e2 48. Qxe2 Nxe2 49. Kd2 Qxf1
50. Kd3 Qf3+ 51. Kd2 Qe3+ 52. Ke1 Ng3# 0-1

[Event "Millennium CG Exclusive - Tasc R30 V2.5"]
[Site "Wien"]
[Date "2021.04.27"]
[Round "59"]
[White "Millennium CG Exclusive"]
[Black "Tasc R30 V2.5, aktiv"]
[Result "1-0"]
[WhiteElo "2402"]
[BlackElo "2335"]
[PlyCount "91"]
[EventDate "2021.??.??"]

1. e4 d6 2. d4 Nf6 {Buchende Tasc} 3. f3 e5 {Tasc ist mit seinen 2 Buchzügen
nicht ganz zufrieden, -0,28} 4. dxe5 dxe5 5. Qxd8+ Kxd8 6. Bc4 {Buchende Genius
} Bc5 {Tasc -0,05, (wieder so ein völlig sinnloses Bauerngeschenk, warum
nicht 6. Ke8 (was Stockfish mit nur -0,30 für Weiss bewertet, diesen Zug
hingegen gleich mit +2,00 für Weiss)} 7. Bxf7 {Genius +0,79 (der Tasc hat
übrigens NICHT erwartet, dass der Bauer geschlagen wird)} Ke7 8. Bb3 Nc6 9.
Nc3 Be6 10. Bxe6 Kxe6 {Tasc -0,05, ignoriert weiterhin den Minusbauern.} 11.
Na4 {Genius +1,04} Bb4+ 12. c3 Be7 {lt. Stockfish ein ganz schlechter Zug, er
bewertet hier 12 . b5 ! mit nur -0,50 für Schwarz, diesen Zug gleich mit +2,
00 für Weiss} 13. Be3 Rad8 14. Nh3 {Genius +1,26} h6 15. Nf2 b6 16. b3 Ba3 17.
O-O Kf7 18. Rad1 Rxd1 19. Rxd1 Ke6 20. Nd3 Rd8 21. Nab2 Bxb2 22. Nxb2 Rxd1+ 23.
Nxd1 Ne7 {Tasc -0,92} 24. Kf2 {Genius +1,15 (Stockfish schätzt das schon +2,
50 für Weiss, ist das wirklich schon so aussichtlos für Schwarz ? es ist
doch nur ein Bauer, als Hobbyspieler würde ich da fast eher den Bewertungen
der Oldies glauben, aber bitte Stockfish spielt doch in einer anderen Liga !}
c5 25. Nb2 g5 26. h4 gxh4 27. Bxh6 Ng6 {Tasc -1,00 (Stockfish -5,00)} 28. Nd3 {
Genius +1,34} Ne8 29. c4 Nd6 30. Kg1 {ein sehr starker Zug !! , den auch
Stockfish gespielt hätte, das ist weitaus besser als das gut aussehende Ke3,
der König strebt hier nach h2-h3, dann wird es richtig eng für den Bauern
auf h4, der dann vom Läufer auch angegriffen werden kann.} Nf7 {Tasc -0,96}
31. Bd2 {Genius +1,62} Nd8 {Tasc -1,83 erkennt hier auch, dass der König nach
h3 strebt und sieht den Bauern h4 als verloren.} 32. Kh2 Kf7 33. Kh3 {Genius
+2,06} Ne6 {Tasc -2,06 (exakt gleiche Bewertung wie Genius)} 34. Kg4 {Genius
+2,40} Kf6 35. Be3 Kf7 36. Bf2 Kf6 37. Bxh4+ {an dieser Stelle ist die Partie
schon gelaufen, 3 geschlossene Bauer gegen einen, das sollte nur noch
Formsache sein. (Stockfish +7,50)} Nxh4 38. Kxh4 {Genius +2,75} Nd4 39. Kg4 Ne2
40. g3 Nc3 41. Kh5 {Genius +3,14 (auch das hätte Stockfish gespielt)} Kg7 42.
g4 Nxa2 43. g5 Nc3 44. Nxe5 Ne2 45. Nd7 Ng3+ 46. Kg4 {Userentscheid: 1-0} 1-0

[Event "Millennium CG Exclusive - Tasc R30 V2.5"]
[Site "Wien"]
[Date "2021.04.27"]
[Round "60"]
[White "Tasc R30 V2.5, aktiv"]
[Black "Millennium CG Exclusive"]
[Result "1/2-1/2"]
[WhiteElo "2335"]
[BlackElo "2402"]
[PlyCount "157"]
[EventDate "2021.??.??"]

1. e4 e6 2. d4 c5 3. d5 exd5 4. exd5 d6 5. Nf3 {Buchende Tasc} Be7 {Buchende
Genius} 6. c4 {Tasc ist mit seinem Buch zufrieden, +0,33} Bf6 {Genius ist mit
seinem Buch nicht ganz zufrieden, -0,28 (diesen Zug hätte auch Stockfish
gespielt, dieser bewertet diese Eröffnung deutlich zu Gunsten von Weiss mit
+1,00)} 7. Bd3 Ne7 8. Nc3 Bxc3+ 9. bxc3 O-O 10. O-O {Tasc +0,90} Ng6 {Genius
-0,37} 11. Re1 Bg4 12. Rb1 b6 13. h3 Bxf3 14. Qxf3 Ne5 15. Qg3 Nxd3 16. Qxd3
Nd7 17. Bf4 Nf6 18. Bg5 h6 19. Bh4 g5 20. Bg3 Qd7 21. f4 Rfe8 22. fxg5 hxg5 23.
Qf3 Kg7 {Genius -0,50} 24. h4 {Tasc +0,79} Rxe1+ 25. Rxe1 gxh4 {Genius -0,56,
ein absoluter Katastrophenzug !! Stockfish berwertet hier Te8 mit nur -0,20
für Schwarz, diesen Zug straft er innerhalb einer Sekunde mit +7,00 für
Weiss ab, damit ist die Partie wohl verloren.} 26. Bxh4 {Tasc +1,62} Ng8 {
Der Genius sieht die Gefahr noch nicht wirklich kommen, nur -0,87, an dieser
Stelle entscheidet 27. Te4 !! die Partie mit einer Bewertung von +8,00 von
Stockfish.} 27. Qf4 {Tasc +1,57, zwar nicht der beste Zug, aber lt. Stockfish
immer noch +4,50 für Weiss.} Re8 {Genius nur -0,71} 28. Rxe8 {Tasc +1,37,
leider ein ganz schlechter Zug, der Schwarz wieder ins Spiel zurückholt,
Stockfish hatte hier Tf1 !! mit +5,30 bewertet, an dieser Stelle nur noch +1,
00 für Weiss, der Tasc lässt auch diese Chance liegen.} Qxe8 29. Qg3+ Kh7 30.
Qxd6 Qe4 {Genius -0,81} 31. Qg3 {Tasc +1,44, diesmal spielt er die richtige
Fortsetzung !} Qxc4 {Genius bleibt viel zu optimistisch nur -0,93} 32. d6 Qd5
33. Bg5 {Tasc +1,39, der Tasc verwirft leider knapp im letzten Augenblick den
Gewinnzug 33. Le7 den Stockfish mit +6,00 für Weiss bewertet.} f5 34. c4 Qd4+
35. Kh2 Qg7 36. Be7 {Tasc +1,73, das ist echt zum Haareraufen an dieser Stelle,
der Tasc lässt den Genius wieder davonkommen, Stockfish bewertet hier 36. Kh3
!! bereits mit +5,30 für Weiss, dieser Zug wird als Remis bewertet mit genau
0,00.} Nxe7 {Genius +0,43} 37. Qh4+ Kg8 38. dxe7 Kf7 {Genius +0,65 (Stockfish
0,00)} 39. g3 {Tasc -0,42} Ke8 40. Qf4 Qxe7 41. Kh3 Qh7+ 42. Kg2 Qb7+ 43. Kf2
Qd7 44. Kg2 Ke7 45. a3 Ke8 46. Qe5+ Kf7 47. Qh8 Kg6 48. Qg8+ Kf6 49. Qf8+ {
ein Katastrophenzug ! Stockfish bewertet hier Dh8+ mit nur -0,30 für Weiss,
diesen Zug innerhalb von Sekunden mit +5,10 für Schwarz.} Ke5 50. Qh8+ Ke4 51.
Qh1 Qd3 {Genius +1,64} 52. Qh4+ Ke3 53. Qf4+ Ke2 54. Qf2+ Kd1 55. Kh3 Qe4 56.
Qf1+ Kc2 57. Kh2 Kb3 58. Qa1 Qxc4 59. Qb1+ Kxa3 60. Qxf5 b5 61. g4 a5 62. g5 a4
63. g6 Kb4 {Ein absoluter Katastrophenzug !!!, Stockfish bewertet hier 63. b4
mit +16,00 für Schwarz, hier sieht er jetzt ein klares Remis mit 0,00 !!!} 64.
g7 a3 65. Qb1+ Ka5 66. Qe1+ b4 67. Qe7 {Tasc -1,77} Qc2+ {einziger Trost für
den Genius, er erkennt als erster der Beiden das Remis 0,00 !!} 68. Kg3 {
Tasc -1,84} Qd3+ 69. Kh4 Qh7+ 70. Kg3 Qg6+ 71. Kf4 {Tasc 0,00, jetzt erkennt
er auch das Remis} a2 72. Qxc5+ Ka4 73. Qa7+ Kb3 74. Qe3+ Kc4 75. Qe4+ Qxe4+
76. Kxe4 a1=Q 77. g8=Q+ Kb5 78. Qb8+ Kc4 79. Qg8+ {Userentscheid: Remis}
1/2-1/2

[Event "Millennium CG Exclusive - Tasc R30 V2.5"]
[Site "Wien"]
[Date "2021.04.28"]
[Round "61"]
[White "Millennium CG Exclusive"]
[Black "Tasc R30 V2.5, aktiv"]
[Result "1-0"]
[WhiteElo "2402"]
[BlackElo "2335"]
[PlyCount "157"]
[EventDate "2021.??.??"]

1. g3 d5 2. Bg2 c6 3. c4 Nf6 4. b3 {Buchende Genius} dxc4 5. bxc4 {Genius ist
überhaupt nicht zufrieden mit seinem Buch, -0,57} Qd4 6. Nc3 Qxc4 7. Nf3 Nbd7
{Buchende Tasc} 8. Qc2 e5 {ein Partie mit Seltenheitswert mit klarem
Buchvorteil für den Tasc, er startet in diese Partie nach der Eröffnung mit
einem Mehrbauern und 18 Minuten Zeitvorsprung. Trotzdem Tasc erste Bewertung
nur +0,02. (Stockfish 0,00)} 9. d3 Qa6 10. O-O Bd6 11. Rb1 O-O 12. Rd1 Nb6 13.
Bg5 Be6 14. Bxf6 gxf6 15. a4 Rad8 {Tasc +0,51} 16. d4 {Genius -0,25} Nc4 17.
Ra1 exd4 {Stockfish 0,00} 18. Rxd4 Bc5 19. Rh4 f5 {Tasc +1,00} 20. Qc1 {
Genius -0,12} f6 21. e3 Ne5 22. a5 Rf7 {Tasc +0,74, ein ganz schwerer Fehler
lt. Stockfish, er hätte hier Sd3 !! mit nur -0,20 für Schwarz bewertet,
diesen Zug hingegen gleich mit +3,20 für Weiss, also ganze 3 Bauerneinheiten
schlechter.} 23. Nxe5 {Genius spielt die richtige Fortsetzung, allerdings nur
mit einer Bewertung +0,68} fxe5 {Tasc +0,03} 24. Bf1 b5 25. Nxb5 {Genius +0,60,
leider der falsche Zug, hier wäre 25. axb6ep weit besser gewesen.} cxb5 26.
Qxc5 Rd5 27. Qb4 Rc7 28. Rh6 Qc8 {Tasc +0,22, ein schlechter Zug, hier wäre
Dd6 !! weit besser gewesen, Stockfish schätzt nach diesem Zug +2,60 für
Weiss mit der Fortsetzung Dh4.} 29. Qh4 {Genius +1,06} Rf7 {Tasc sieht hier
keinen Nachteil +0,23} 30. Qg5+ Kf8 {Tasc +0,11} 31. Rb1 a6 {lt. Stockfish
gewinnt hier die Fortsetzung 32. Lc4 !!! mit +5,23 (also das muss man auch
erst mal sehen, wow)} 32. Bc4 {tatsächlich findet der Genius diesen Zug mit
einer Bewertung von +1,37} Rd6 {Tasc -0,13} 33. Bxe6 Rxe6 34. Rd1 Rxh6 35.
Qxh6+ Ke8 36. Qd6 Re7 37. Qf6 Qe6 38. Qh8+ Kf7 39. Qxh7+ Kf6 {Tasc -1,30} 40.
Qh6+ {Genius +2,96} Kf7 41. Qh5+ {Genius +3,25} Qg6 {Tasc -1,47 (am Beginn
eines Turmendspieles wieder viel zu optimistisch, an dieser Stelle ist das
bereits hoffnungslos verloren)} 42. Qxg6+ Kxg6 43. Rd6+ Kf7 {Tasc -1,68} 44.
Rxa6 {Genius +3,23 (Stockfish +8,60)} b4 45. Rb6 Ra7 46. e4 fxe4 47. Rxb4 Rxa5
48. Rxe4 Kf6 49. h4 Ra8 50. Kg2 Kf5 51. f3 Ra2+ 52. Kh3 Ra3 53. g4+ Kf6 54. Kg3
Ra1 55. Rb4 Rg1+ 56. Kf2 Rd1 57. Rb6+ Kg7 58. h5 Rd8 59. Ke3 Rd4 60. Re6 Rd8
61. Rxe5 Rh8 62. f4 {[%emt 0:00:19] Stockfish Matt in} Kf8 63. f5 Rg8 64. Kf4
Rg7 65. h6 {Genius +7,07} Rd7 {Tasc -5,32} 66. f6 {Genius +10,39} Rd4+ {
Tasc -11,92} 67. Kf5 {Genius +16,95} Rd1 {[%emt 0:00:11] Tasc Selbstmatt in}
68. h7 {Genius Matt in 11, sieht die kürzere Variante mit 8 Zügen noch nicht.
} Rf1+ 69. Kg6 Rxf6+ 70. Kg5 Rg6+ 71. Kh5 Kf7 72. h8=Q Re6 73. Qh7+ Kf8 74.
Rf5+ Ke8 75. Qf7+ Kd8 76. Rd5+ Kc8 77. Qxe6+ Kc7 78. Rd7+ Kb8 79. Qg8# 1-0

[Event "Millennium CG Exclusive - Tasc R30 V2.5"]
[Site "Wien"]
[Date "2021.04.28"]
[Round "62"]
[White "Tasc R30 V2.5, aktiv"]
[Black "Millennium CG Exclusive"]
[Result "0-1"]
[WhiteElo "2335"]
[BlackElo "2402"]
[PlyCount "136"]
[EventDate "2021.??.??"]

1. b3 e5 2. Bb2 Nc6 3. e3 Nf6 4. Bb5 Bd6 {Buchende Genius} 5. Nf3 e4 {Genius
bewertet sein Buch knapp negativ, -0,09} 6. Nd4 {Buchende Tasc} O-O 7. O-O {
Tasc ist nicht ganz zufrieden mit seinem Buch, -0,41} Ne7 8. Be2 Be5 9. Ne6 {
Tasc -0,49, ein sehr interessanter Zug, leider aber nicht sehr gut lt.
Stockfish eine Bauerneinheit schleichter als 9.d3 (Stockfish +1,00 für Weiss)}
Bxh2+ 10. Kxh2 fxe6 11. d3 d5 {Genius +0,46, dieser Zug ist lt. Stockfish auch
eine ganze Bauerneinheit schlechter als 11.exd3 (Stockfish 0,00)} 12. dxe4 Nxe4
13. Nd2 Qd6+ 14. Kg1 Nxd2 15. Qxd2 e5 16. c4 Be6 17. c5 Qxc5 18. Bxe5 c6 {
Genius +0,17} 19. Rfc1 {Tasc +0,44} Qa3 {lt. Stockfish ein sehr schlechter Zug,
er bewertet hier die Forsetzung 20.b4 ! mit +1,10 für Weiss} 20. Bd3 Bf5 21.
e4 Bg6 22. f3 Rad8 23. Rc2 {ist noch keine Katastrophe, aber hier wäre sicher
23. Dc3 ! besser gewesen, hier entsteht in der Folge ein Isulani. (Stockfish
+0,50 für Schwarz)} dxe4 {Genius +0,79} 24. fxe4 {Tasc -0,22} Nc8 25. Bc4+ Kh8
26. Qg5 Rde8 27. Rf1 {Tasc -0,70} Rxf1+ 28. Kxf1 Nb6 29. Bd3 Nd7 30. Bb2 Qd6
31. Rd2 Ne5 32. Bc2 Qc5 33. Bxe5 Qb5+ 34. Kf2 Rxe5 35. Rd8+ Be8 36. b4 {
Tasc -0,27} h6 37. Qd2 Qc4 {Genius +1,01} 38. Bd3 {Tasc -0,38, lt. Stockfish
ein schlechter Zug, um 1,20 Bauerneinheiten schlechter als Kg1 !, Stockfish +1,
25 für Schwarz} Qf7+ {Genius +1,17} 39. Kg1 Qc7 40. Bc2 Kh7 41. Qd4 {Tasc -0,
43} c5 {Genius +1,45 (Stockfish +0,90 für Schwarz)} 42. bxc5 {Tasc -0,84} Rxc5
43. Bd1 {Stockfish hätte hier Txe8 !! mit einer Bewertung von -0,30 für
Weiss gespielt, diesen Zug bewertet er mit +1,30 für Schwarz} Rc4 44. Qd5 Bf7
45. Qf5+ Bg6 46. Qd5 Qc5+ 47. Kh2 Qxd5 48. exd5 b6 49. Bb3 Rd4 50. Rf8 a5 51.
a4 Rd2 52. Rf4 {Tasc -0,63} h5 {Genius +1,15 (Stockfish +3,80 für Schwarz)}
53. Kg1 {Tasc -0,58} Kh6 {Genius +1,21} 54. Rf2 {Tasc -0,67, lt. Stockfish ein
tödlicher Fehler, die meisten Hobbyspieler würden das wahrscheinlich hier
nicht spielen, aber der Turm kann genommen werden mit Txf2 +8,20 gewinnt
sofort die Partie, ich muss zugeben ich würde wahrscheinlich Td4 ziehen.} Rd4
{Genius +1,28, lt. Stockfish ist das natürlich ein Katastrophenzug aber
immerhin bewertet er auch das noch mit +4,20 für Schwarz} 55. Rf8 Rb4 {
Genius +1,28, lt. Stockfish ein grosser Patzer, der bewertet hier die
Fortsetzung d6 nur noch mit +1,80 für Schwarz, gleich 2,50 Bauerneinheiten
schlechter als Kg5.} 56. Rf3 {Tasc -0,59, ebenfalls ein grosser Patzer, die
Fortsetzung Le4 bewertet Stockfish mit +4,80 für Schwarz.} Kg5 57. Kf2 {
Tasc -0,84} Be4 $1 {Genius +1,78} 58. Rh3 Kf6 59. d6 {Tasc -1,44} Bf5 {Genius
+2,06} 60. Rc3 g6 61. Ke1 Ke5 62. Bc2 Kxd6 63. Bxf5 gxf5 64. Ra3 Kc5 65. Rc3+
Rc4 66. Ra3 Rc1+ 67. Kd2 Rg1 68. Rf3 Rxg2+ {Userentscheid: 0-1} 0-1

[Event "Millennium CG Exclusive - Tasc R30 V2.5"]
[Site "Wien"]
[Date "2021.04.29"]
[Round "63"]
[White "Millennium CG Exclusive"]
[Black "Tasc R30 V2.5, aktiv"]
[Result "0-1"]
[WhiteElo "2402"]
[BlackElo "2335"]
[PlyCount "82"]
[EventDate "2021.??.??"]

1. g3 e5 2. Bg2 d5 3. Nf3 e4 4. Nd4 c5 5. Nb3 c4 6. Nd4 Bc5 {Buchende Tasc} 7.
c3 {Buchende Genius} Nf6 {Tasc ist mit seinem Buch zufrieden, +0,39} 8. b3 {
Genius ist mit seinem Buch nicht ganz zufrieden, -0,28} Nc6 9. Nxc6 bxc6 10.
bxc4 Qb6 11. O-O dxc4 12. Ba3 O-O 13. Bxc5 Qxc5 {Tasc +1,01} 14. Qc2 {Genius
-0,03} Rb8 15. Bxe4 Nxe4 16. Qxe4 Bf5 17. Qd4 Qe7 18. Qf4 Be6 19. Rc1 Rfd8 20.
Re1 Rb2 21. Qe4 c5 22. Qe5 f6 23. Qh5 {Genius +0,18, ein ganz schlechter Zug
lt. Stockfish der hier die Fortsetzung Td5 mit +2,00 für Schwarz bewertet.}
Bf7 {Tasc +1,27 (auch diesen Zug bewertet Stockfish mit +1,60 für Schwarz,
meiner Meinung nach steht hier Schwarz klar besser angesichts des
Entwicklungsproblems des Sb1 !} 24. Qg4 h5 25. Qf5 g6 26. Qf4 g5 27. Qe3 {
Genius +0,43} Qd6 28. f4 Re8 29. Qf2 {Genius +0,09, Stockfish +2,00 für
Schwarz} Qd5 {Tasc +1,16} 30. fxg5 fxg5 31. Qf6 {Genius +0,25, ein ganz
schlechter Zug, der die Partie hier eigentlich schon klar verliert, Stockfish
bewertet hier die Fortsetzung h4 bereits mit +5,00 für Schwarz} Rb6 {Tasc +1,
67, sieht die Fortsetzung nicht, allerdings bewertet Stockfish auch das noch
mit +2,80 für Schwarz} 32. Qf1 {Genius -0,12, also von dieser Stellung hat er
wahrlich keine Ahnung, Stockfish +5,00 für Schwarz} Bg6 33. e3 {ein
Katastrophenzug vom Genius, Stockfish hätte hier e4 ! mit nur -1,50 für
Weiss bewertet, diesen Zug gleich mit +6,50 für Schwarz.} Rb2 34. Qe2 g4 {
Tasc +2,02} 35. Na3 Rxd2 36. Qxc4 {endlich klingelt es beim Genius auch, -2,87
(Stockfish Matt in 28 !!!!!!!!!!!!, Wahnsinn} Rg2+ 37. Kh1 Be4 38. Qxd5+ Bxd5
39. e4 Rxe4 40. c4 Bb7 41. Rxe4 Bxe4 {Userentscheid: 0-1} 0-1